Der dreifache Weg
| Autore principale: | |
|---|---|
| Altri autori: | |
| Tipo di documento: | Stampa Libro |
| Lingua: | Tedesco Inglese |
| Servizio "Subito": | Ordinare ora. |
| Verificare la disponibilità: | HBZ Gateway |
| WorldCat: | WorldCat |
| Interlibrary Loan: | Interlibrary Loan for the Fachinformationsdienste (Specialized Information Services in Germany) |
| Pubblicazione: |
Freiburg im Breisgau Basel Wien
Herder
1985
|
| In: | Anno: 1985 |
| Edizione: | 2. Aufl. |
| (sequenze di) soggetti normati: | B
Vita spirituale
B Spiritualità / Pastorale / Chiesa cattolica |
MARC
| LEADER | 00000cam a2200000 c 4500 | ||
|---|---|---|---|
| 001 | 396977111 | ||
| 003 | DE-627 | ||
| 005 | 20240419193714.0 | ||
| 007 | tu | ||
| 008 | 041014s1985 gw ||||| 00| ||ger c | ||
| 015 | |a 85,A18,0138 |2 dnb | ||
| 016 | 7 | |a 850364671 |2 DE-101 | |
| 020 | |a 3451200198 |c : DM 19.80 (kart.) |9 3-451-20019-8 | ||
| 035 | |a (DE-627)396977111 | ||
| 035 | |a (DE-576)037819496 | ||
| 035 | |a (DE-599)GBV396977111 | ||
| 035 | |a (OCoLC)249852941 | ||
| 035 | |a (OCoLC)66149079 | ||
| 040 | |a DE-627 |b ger |c DE-627 |e rakwb | ||
| 041 | |a ger |a eng | ||
| 044 | |c XA-DE |c XA-CH |c XA-AT | ||
| 084 | |a 12 |2 sdnb | ||
| 084 | |a BM 8230 |2 rvk |0 (DE-625)rvk/12934: | ||
| 100 | 1 | |0 (DE-588)118588885 |0 (DE-627)079382304 |0 (DE-576)209052058 |4 aut |a Nouwen, Henri J. M. |d 1932-1996 | |
| 109 | |a Nouwen, Henri J. M. 1932-1996 |a Nouwen, Henri 1932-1996 |a Nouwen, Harrie J. 1932-1996 |a Nouwen, Henri Jozef Machiel 1932-1996 |a Nouwen, Harrie J. M. 1932-1996 |a Nouwen, Henri J. 1932-1996 |a Nouwen, Henry J. M. 1932-1996 |a Nouwen, Henri J.M. 1932-1996 | ||
| 240 | 1 | 0 | |a Reaching out <dt.> |
| 245 | 1 | 4 | |a Der dreifache Weg |c Henri J. M. Nouwen. [Übertr. aus d. Engl. von Radbert Kohlhaas] |
| 250 | |a 2. Aufl. | ||
| 264 | 1 | |a Freiburg im Breisgau |a Basel |a Wien |b Herder |c 1985 | |
| 300 | |a 159 S |c 20 cm | ||
| 336 | |a Text |b txt |2 rdacontent | ||
| 337 | |a ohne Hilfsmittel zu benutzen |b n |2 rdamedia | ||
| 338 | |a Band |b nc |2 rdacarrier | ||
| 583 | 1 | |a Archivierung/Langzeitarchivierung gewährleistet |f PEBW |x XA-DE-BW |2 pdager |5 DE-31 | |
| 689 | 0 | 0 | |d s |0 (DE-588)4019864-9 |0 (DE-627)104598786 |0 (DE-576)20893099X |2 gnd |a Geistliches Leben |
| 689 | 0 | |5 DE-101 | |
| 689 | 1 | 0 | |d s |0 (DE-588)4019864-9 |0 (DE-627)104598786 |0 (DE-576)20893099X |2 gnd |a Geistliches Leben |
| 689 | 1 | |5 (DE-627) | |
| 689 | 2 | 0 | |d s |0 (DE-588)4116568-8 |0 (DE-627)105805785 |0 (DE-576)209502630 |2 gnd |a Spiritualität |
| 689 | 2 | 1 | |d s |0 (DE-588)4054151-4 |0 (DE-627)106163728 |0 (DE-576)209107650 |2 gnd |a Seelsorge |
| 689 | 2 | 2 | |d b |0 (DE-588)2009545-4 |0 (DE-627)101659261 |0 (DE-576)191644501 |2 gnd |a Katholische Kirche |
| 689 | 2 | |5 (DE-627) | |
| 700 | 1 | |a Kohlhaas, Radberg |4 oth | |
| 700 | 1 | 2 | |a Nouwen, Henri J. M. |d 1932-1996 |t Reaching out <dt.> |
| 935 | |a mteo | ||
| 935 | |i Blocktest | ||
| 936 | r | v | |a BM 8230 |b Drei-Wege-Lehre |k Theologie und Religionswissenschaften |k Theologie des geistlichen Lebens |k Systematische Darstellungen zur Theologie des geistlichen Lebens |k Aszetische Theologie |k Grundfragen |k Drei-Wege-Lehre |0 (DE-627)127073413X |0 (DE-625)rvk/12934: |0 (DE-576)20073413X |
| 951 | |a BO | ||
| ELC | |b 1 | ||
| ORI | |a SA-MARC-ixtheo_oa001.raw | ||
| STA | 0 | 0 | |a Church work,Holy See (motif),Catholic church,Catholic Church,Catholic Church,Former pilgrimage church Saint Ottilia,Spiritual life,Spirituality,Religious life,Monastic and religious life,Spirituality,Spirituality,Spirituality in art |
| STB | 0 | 0 | |a Ministère pastoral,Saint-Siège (motif),Église catholique,Église catholique,Spiritualité,Spiritualité,Spiritualité,Vie religieuse et monastique |
| STC | 0 | 0 | |a Espiritualidad,Espiritualidad,Movimiento juvenil católico,Pastoral,Vida espiritual |
| STD | 0 | 0 | |a Chiesa cattolica,Pastorale,Cura d'anime,Cura d'anime,Spiritualità,Spiritualità,Vita spirituale |
| STE | 0 | 0 | |a 天主教会,罗马公教,宗教生活,属灵生命,灵性生活,心灵关顾,心灵治疗,灵性 |
| STF | 0 | 0 | |a 天主教會,羅馬公教,宗教生活,屬靈生命,靈性生活,心靈關顧,心靈治療,靈性 |
| STG | 0 | 0 | |a Espiritualidade,Espiritualidade,Igreja católica,Pastoral,Vida espiritual |
| STH | 0 | 0 | |a Духовная жизнь,Духовность (мотив),Духовность,Католическая церковь (мотив),Психологическая помощь священника,Душепопечение |
| STI | 0 | 0 | |a Καθολική Εκκλησία (μοτίβο),Πνευματική ζωή,Πνευματικότητα (μοτίβο),Πνευματικότητα,Φροντίδα για τη σωτηρία της ψυχής,Ποιμαντική φροντίδα |
| SYG | 0 | 0 | |a Gottseliges Leben,Spirituelles Leben , Gottseliges Leben,Spirituelles Leben , Geistigkeit , Pastoraler Dienst , Katolikus Egyház,RCC,Katoličeskaj Cerkovʹ,Katoličke Cerkve,Katolska Cyrkej,Katolske Kirke,Ecclesia Catholica,Igreja Católica,Römisch-Katholische Kirche,Katholikē Ekklēsia,Catholic Church,Roman Catholic Church,Eglise Catholique,Eglise Catholique Romaine,Chiesa Cattolica,Katholieke Kerk,Iglesia Católica,Katolické Církve,Kościoł Katolicki,Katoličke Crkve,Eglise catholique romaine,Chiesa cattolica romana,Roman catholic Church,Eglise catholique,Römische Kirche , Eglise catholique,Roman Catholic Church,Catholic Church , Ehemalige Wallfahrtskirche Sankt Ottilia |